[Event "Skopje MKD"]
[Site "Skopje MKD"]
[Date "2014.04.04"]
[Round "8.68"]
[White "Zekaj, Dritan"]
[Black "Toth, Aleksandar"]
[Result "1/2-1/2"]
[WhiteElo "2031"]
[BlackElo "2306"]
[PlyCount "110"]
[EventDate "2014.03.29"]
[EventType "swiss"]
[EventRounds "9"]

1. e4 d5 2. exd5 Qxd5 3. Nc3 Qd6 4. d4 Nf6 5. Nf3 a6 6. Bc4 b5 7. Bb3 e6 8. O-O
Bb7 9. Re1 Be7 10. a4 b4 11. Ne2 O-O 12. Bf4 Qd8 13. Ng3 Nd5 14. Bd2 Nd7 15.
Qe2 c5 16. Rad1 Qc7 17. c3 bxc3 18. bxc3 cxd4 19. cxd4 N7f6 20. Ne5 Rad8 21.
Ne4 Qb6 22. Ng5 Nc3 23. Bxc3 Qxb3 24. Rb1 Qd5 25. f3 Rc8 26. Ba1 Nh5 27. Ne4
Nf4 28. Qe3 g5 29. Nc3 Rxc3 30. Qxc3 Rc8 31. Qb3 Qxb3 32. Rxb3 Bd5 33. Rc3 Re8
34. Rc7 Bd6 35. Rd7 Bxe5 36. Rxe5 h6 37. g3 Ng6 38. Re3 Rb8 39. Kf2 Rb1 40. Bc3
Rh1 41. Kg2 Rc1 42. h3 h5 43. Kf2 Rc2+ 44. Kg1 Ra2 45. a5 h4 46. Be1 hxg3 47.
Bxg3 Rxa5 48. Rc3 Ra1+ 49. Kf2 Ra2+ 50. Ke3 Kg7 51. Be5+ Nxe5 52. dxe5 Ra4 53.
Ra7 Kg6 54. Kf2 a5 55. Kg3 Kg7 1/2-1/2

[Event "Skopje MKD"]
[Site "Skopje MKD"]
[Date "2014.04.04"]
[Round "8.69"]
[White "Doncevic, Dario"]
[Black "Saracy, Nderim"]
[Result "1-0"]
[WhiteElo "2304"]
[BlackElo "2090"]
[PlyCount "299"]
[EventDate "2014.03.29"]
[EventType "swiss"]
[EventRounds "9"]

1. c4 c6 2. Nf3 Nf6 3. g3 g6 4. Bg2 Bg7 5. O-O O-O 6. d4 d5 7. cxd5 cxd5 8. Ne5
b6 9. Nc3 Bb7 10. Bg5 h6 11. Bxf6 Bxf6 12. f4 Bg7 13. e3 e6 14. Rf2 Nd7 15. Qa4
Nxe5 16. dxe5 a6 17. Ne2 b5 18. Qd1 Qb6 19. Nd4 Rac8 20. h4 Qc7 21. Bh3 Qe7 22.
Kh2 Bc6 23. Qg4 Bd7 24. Bf1 Rc7 25. Bd3 Rfc8 26. Qd1 Rc5 27. Bc2 h5 28. Kg2 b4
29. Bd3 a5 30. Qd2 Ba4 31. Rh1 f5 32. exf6 Qxf6 33. Rff1 Be8 34. Rc1 e5 35.
fxe5 Qxe5 36. Rxc5 Rxc5 37. Rc1 Qe7 38. Rxc5 Qxc5 39. Ne6 Qb6 40. Nxg7 Kxg7 41.
Be2 Bf7 42. Qd4+ Qxd4 43. exd4 Kf6 44. Kf3 g5 45. Bb5 Bg6 46. Ke3 Bb1 47. a3
Be4 48. axb4 axb4 49. Bc6 Kf5 50. Bd7+ Kg6 51. Be8+ Kh6 52. Bf7 Bg2 53. Kd3 Bf3
54. Kd2 Be4 55. Be8 Bg6 56. Bc6 Be4 57. Bd7 Kg6 58. Be8+ Kh6 59. Bf7 Bf3 60.
Ke3 Be4 61. Ke2 Bg2 62. Kf2 Be4 63. Ke3 Bg2 64. Be8 Be4 65. Bb5 Kg6 66. Bd7 Bf5
67. Be8+ Kh6 68. Kf3 Bg6 69. hxg5+ Kxg5 70. Bxg6 Kxg6 71. Kf4 b3 72. Ke5 Kg5
73. Kxd5 Kg4 74. Kc4 Kxg3 75. d5 h4 76. d6 h3 77. d7 h2 78. d8=Q h1=Q 79. Qg5+
Kf2 80. Qd2+ Kg3 81. Qe3+ Kg4 82. Qd4+ Kg3 83. Kxb3 Qb7+ 84. Kc2 Kf3 85. b4 Kg2
86. Kd3 Qf3+ 87. Kc4 Qc6+ 88. Kb3 Qe6+ 89. Kc3 Qc6+ 90. Qc5 Qf3+ 91. Kc4 Qe4+
92. Kb5 Qb7+ 93. Qb6 Qd5+ 94. Ka6 Qa8+ 95. Qa7 Qc6+ 96. Ka5 Qd5+ 97. Qc5 Qd8+
98. Ka4 Qa8+ 99. Kb3 Qf3+ 100. Kb2 Qf6+ 101. Qc3 Qb6 102. Qc2+ Kh1 103. Qd1+
Kg2 104. Qd5+ Kh2 105. b5 Qf2+ 106. Kc3 Qe3+ 107. Kb4 Qe1+ 108. Kc5 Qa5 109.
Qe5+ Kg2 110. Qe4+ Kh2 111. Qh4+ Kg2 112. Qg4+ Kh2 113. Qh5+ Kg2 114. Qg6+ Kh2
115. Qh7+ Kg2 116. Qg6+ Kh2 117. Qh6+ Kg2 118. Qg7+ Kh2 119. Kc6 Qa4 120. Qe5+
Kg2 121. Qd5+ Kh2 122. Kb7 Qb4 123. Qe5+ Kg2 124. b6 Qb3 125. Qe4+ Kh2 126. Kc6
Qc3+ 127. Kd6 Qf6+ 128. Qe6 Qd4+ 129. Kc7 Qc5+ 130. Kd7 Qb5+ 131. Qc6 Qf5+ 132.
Kc7 Qf7+ 133. Qd7 Qc4+ 134. Kb8 Qb4 135. Qh7+ Kg2 136. Qg7+ Kh1 137. Qh6+ Kg1
138. Qg5+ Kh1 139. Qd5+ Kg1 140. b7 Qf8+ 141. Kc7 Qe7+ 142. Kc6 Qe8+ 143. Kb6
Qg6+ 144. Ka7 Qg7 145. Qd1+ Kh2 146. Qc2+ Kg1 147. Qb1+ Kh2 148. Qa2+ Kh1 149.
Ka8 Qc7 150. b8=Q 1-0

[Event "Skopje MKD"]
[Site "Skopje MKD"]
[Date "2014.04.04"]
[Round "8.70"]
[White "Van der Merwe, Cecile Henriette"]
[Black "Papp, Petra"]
[Result "1-0"]
[WhiteElo "2026"]
[BlackElo "2302"]
[PlyCount "63"]
[EventDate "2014.03.29"]
[EventType "swiss"]
[EventRounds "9"]

1. e4 c5 2. Nf3 e6 3. d4 cxd4 4. Nxd4 Nc6 5. Nxc6 bxc6 6. Bd3 d5 7. O-O Nf6 8.
Bg5 Qb6 9. Bxf6 gxf6 10. exd5 cxd5 11. Nc3 a6 12. Qf3 Bg7 13. Rfe1 O-O 14. Qh5
f5 15. g4 Qxb2 16. gxf5 Re8 17. Nxd5 Bd7 18. f6 Bxf6 19. Rab1 Qd4 20. Bxh7+ Kf8
21. Rbd1 exd5 22. Rxe8+ Rxe8 23. Rxd4 Bxd4 24. Qxd5 Bh3 25. Qd6+ Re7 26. Qh6+
Bg7 27. Qxh3 Re6 28. Bd3 a5 29. Qf3 Bd4 30. Qa8+ Kg7 31. Qxa5 Rf6 32. Qd2 1-0

[Event "Skopje MKD"]
[Site "Skopje MKD"]
[Date "2014.04.04"]
[Round "8.71"]
[White "Tomazini, Zan"]
[Black "Orehek, Spela"]
[Result "1-0"]
[WhiteElo "2286"]
[BlackElo "2018"]
[PlyCount "99"]
[EventDate "2014.03.29"]
[EventType "swiss"]
[EventRounds "9"]

1. e4 e5 2. Nf3 Nc6 3. Bc4 Nf6 4. d3 Be7 5. Bb3 O-O 6. O-O d5 7. exd5 Nxd5 8.
h3 a5 9. a3 Re8 10. Re1 Bf6 11. Nbd2 Be6 12. Ba4 Bd7 13. Ne4 Rb8 14. Bb3 Nf4
15. d4 Be6 16. Bxf4 Bxb3 17. Nxf6+ gxf6 18. Bh6 Be6 19. dxe5 fxe5 20. Nxe5 Qxd1
21. Raxd1 a4 22. Re3 Nxe5 23. Rxe5 f6 24. Re3 Kf7 25. Rd4 b5 26. Rh4 Bf5 27.
Rc3 Rbc8 28. Rf4 Be4 29. Bg5 c6 30. Bxf6 Bd5 31. Bd4+ Ke6 32. Rh4 Rg8 33. g3
Rc7 34. Re3+ Kf5 35. Re5+ Kg6 36. Rg4+ Kf7 37. Rf4+ Kg6 38. Ref5 h6 39. Rf6+
Kh7 40. Rh4 Rg6 41. Rf8 Bg8 42. Re4 Rd7 43. g4 Rg5 44. Kh2 Bd5 45. Rh8+ Kg6 46.
Rf4 Rf7 47. Rxf7 Bxf7 48. f4 Rd5 49. f5+ Kg5 50. Be3+ 1-0

[Event "Skopje MKD"]
[Site "Skopje MKD"]
[Date "2014.04.04"]
[Round "8.72"]
[White "Bojovic, Dusan"]
[Black "Markovski, Velo"]
[Result "1-0"]
[WhiteElo "2284"]
[BlackElo "2017"]
[PlyCount "149"]
[EventDate "2014.03.29"]
[EventType "swiss"]
[EventRounds "9"]

1. e4 d5 2. exd5 Qxd5 3. Nc3 Qa5 4. d4 c6 5. Nf3 Bg4 6. Bc4 e6 7. h3 Bxf3 8.
Qxf3 Nf6 9. Bd2 Qc7 10. O-O-O Nbd7 11. Rhe1 O-O-O 12. Bb3 Nb6 13. Ne4 Nxe4 14.
Qxe4 Be7 15. c4 Nd7 16. g4 h6 17. f4 Bh4 18. Rf1 Rhe8 19. g5 f5 20. gxf6 Bxf6
21. c5 Nf8 22. Bc3 a5 23. Rde1 b5 24. cxb6 Qxb6 25. Rd1 Qb5 26. Rf3 a4 27. Bc2
Nd7 28. Bd3 Qb7 29. Qe2 Qa7 30. Bg6 Re7 31. Qc4 Kc7 32. Be4 Nb8 33. Bb4 Red7
34. Bc5 Qb7 35. Qxa4 Qa6 36. Qb4 Qb5 37. Qc3 Na6 38. Bd3 Nxc5 39. Qxc5 Qxc5+
40. dxc5 Rd4 41. a3 Rxf4 42. Rxf4 Bg5 43. Kc2 Bxf4 44. b4 Bg5 45. Re1 Re8 46.
a4 e5 47. Be4 Rd8 48. b5 Be7 49. Bxc6 Bxc5 50. Rxe5 Bd6 51. Re4 Kb6 52. Re6 Bc5
53. Rg6 Bf8 54. Kc3 Rd6 55. Rg4 Ka5 56. Re4 Rd8 57. Kc4 Bd6 58. h4 Bc7 59. h5
Bb6 60. Kc3 Bc5 61. Rg4 Be3 62. Kc4 Bg5 63. Re4 Bf6 64. Kc5 Rd1 65. Bd5 Rc1+
66. Bc4 Rd1 67. b6 Rd8 68. b7 Bg5 69. Kc6 Rf8 70. Be6 Ka6 71. Re5 Bd2 72. Bc8
Ka7 73. Kc7 Rf7+ 74. Bd7 Rf8 75. Be8 1-0

[Event "Skopje MKD"]
[Site "Skopje MKD"]
[Date "2014.04.04"]
[Round "8.73"]
[White "Zupe, Miran"]
[Black "Padjen, Zdenko"]
[Result "1-0"]
[WhiteElo "2278"]
[BlackElo "2004"]
[PlyCount "95"]
[EventDate "2014.03.29"]
[EventType "swiss"]
[EventRounds "9"]

1. e4 c5 2. Nf3 g6 3. d4 cxd4 4. Nxd4 Bg7 5. c4 Nc6 6. Be3 Nf6 7. Nc3 d6 8. Be2
O-O 9. Rc1 Bd7 10. Qd2 a6 11. O-O Ng4 12. Bxg4 Bxg4 13. f3 Bd7 14. Rfd1 Rc8 15.
Nde2 Be6 16. b3 Qa5 17. Na4 Qxd2 18. Rxd2 Ne5 19. Nb6 Rc7 20. Rcd1 Nc6 21. Kf2
f5 22. Nf4 Bf7 23. Nfd5 Bxd5 24. Nxd5 Rcc8 25. exf5 gxf5 26. g3 Kf7 27. Bb6 Ne5
28. Re2 Rc6 29. Bd4 e6 30. Nb4 Rc7 31. Bb6 Rd7 32. h3 Nc6 33. Nc2 e5 34. Red2
Ke6 35. f4 e4 36. Ke3 h5 37. g4 hxg4 38. hxg4 fxg4 39. Kxe4 Bh6 40. Be3 Rf6 41.
Rg2 Kf7 42. Rxg4 Re7+ 43. Kd3 Rfe6 44. Rh1 Nb4+ 45. Kc3 Nxc2 46. Kxc2 Bg7 47.
Bd2 Kf8 48. Rh5 1-0

[Event "Skopje MKD"]
[Site "Skopje MKD"]
[Date "2014.04.04"]
[Round "8.74"]
[White "Stojkovska, Monika"]
[Black "Kokol, Peter"]
[Result "0-1"]
[WhiteElo "1997"]
[BlackElo "2271"]
[PlyCount "104"]
[EventDate "2014.03.29"]
[EventType "swiss"]
[EventRounds "9"]

1. e4 c5 2. Nf3 Nc6 3. d4 cxd4 4. Nxd4 Nf6 5. Nc3 d6 6. Bg5 e6 7. Qd2 h6 8.
Bxf6 gxf6 9. f4 a6 10. Be2 h5 11. O-O-O Qb6 12. Rhf1 Qxd4 13. Qxd4 Nxd4 14.
Rxd4 Bd7 15. Rd3 h4 16. Rh3 Rh6 17. Nd1 Bc6 18. Bf3 O-O-O 19. Ne3 Bg7 20. f5
Rhh8 21. Ng4 Kd7 22. Re1 Ke7 23. c3 d5 24. exd5 Bxd5 25. Kc2 Bxf3 26. Rxf3 Rd5
27. Rd1 Rxd1 28. Kxd1 Rh5 29. Ne3 Bh6 30. Ke2 Bg5 31. h3 Rh8 32. g4 hxg3 33.
Rxg3 Kd6 34. Rf3 Rh4 35. Nc2 Kd5 36. Kd3 Ke5 37. Nd4 Bf4 38. a4 Kd5 39. b4 e5
40. c4+ Kd6 41. Ne2 Bg5 42. c5+ Kc6 43. Kc3 a5 44. b5+ Kxc5 45. Kb3 Rb4+ 46.
Ka3 e4 47. Rf1 Kc4 48. Rd1 Rb3+ 49. Ka2 Rd3 50. Rb1 Rd2+ 51. Rb2 Rxb2+ 52. Kxb2
Kd3 0-1

[Event "Skopje MKD"]
[Site "Skopje MKD"]
[Date "2014.04.04"]
[Round "8.75"]
[White "Veleski, Robert"]
[Black "Cretnik, Urban"]
[Result "0-1"]
[WhiteElo "2248"]
[BlackElo "1959"]
[PlyCount "104"]
[EventDate "2014.03.29"]
[EventType "swiss"]
[EventRounds "9"]

1. Nf3 c5 2. g3 Nc6 3. Bg2 e5 4. d3 g6 5. O-O Bg7 6. c4 Nge7 7. Nc3 O-O 8. Rb1
d6 9. a3 a5 10. Nb5 h6 11. Bd2 Be6 12. b4 axb4 13. axb4 b6 14. Ne1 Qd7 15. Nc2
f5 16. Nc3 Rab8 17. Nd5 Kh7 18. b5 Bxd5 19. cxd5 Nd4 20. Ne3 Ra8 21. Nc4 Nc8
22. e3 Nxb5 23. Qb3 Nc7 24. Nxb6 Nxb6 25. Qxb6 Ra3 26. Qc6 Qd8 27. Rb7 Ne8 28.
Rfb1 Rxd3 29. Rd7 Qf6 30. Ba5 e4 31. Rd8 Qe5 32. Bf1 Ra3 33. Bd2 Ra2 34. Bc1
Qc3 35. Rxe8 Rxe8 36. Qxe8 Qc2 37. Rb2 Bxb2 38. Bxb2 Qxb2 39. Qe7+ Kg8 40. Qe8+
Kh7 41. Qf7+ Kh8 42. Qf8+ Kh7 43. Qe7+ Qg7 44. Qxd6 Rc2 45. Qe6 c4 46. d6 c3
47. Qd5 Rd2 48. Qc6 c2 49. Kg2 h5 50. Bb5 Qb2 51. Qc7+ Kh6 52. d7 Rxf2+ 0-1

[Event "Skopje MKD"]
[Site "Skopje MKD"]
[Date "2014.04.04"]
[Round "8.76"]
[White "Arda, Cagil Irmak"]
[Black "Dragnev, Valentin"]
[Result "0-1"]
[WhiteElo "1753"]
[BlackElo "2205"]
[PlyCount "148"]
[EventDate "2014.03.29"]
[EventType "swiss"]
[EventRounds "9"]

1. e4 c5 2. Nf3 d6 3. d4 cxd4 4. Nxd4 Nf6 5. f3 a6 6. c4 e6 7. Nc3 Be7 8. Be2
O-O 9. Be3 Qc7 10. O-O b6 11. Rc1 Bb7 12. b4 Nbd7 13. Nb3 Rac8 14. a3 Qb8 15.
Qe1 Bd8 16. Qf2 Bc7 17. g3 Rfe8 18. Rfd1 Rcd8 19. Na4 Ba8 20. c5 dxc5 21. bxc5
b5 22. Nb6 Ne5 23. Nxa8 Qxa8 24. Bf4 Nfd7 25. Kg2 f6 26. Qe1 g5 27. c6 Nf8 28.
Bxe5 Bxe5 29. Rxd8 Rxd8 30. Qb4 Bd6 31. Qa5 Rc8 32. Nd4 Be5 33. Qb4 a5 34. Qc5
Bxd4 35. Qxd4 Rxc6 36. Rxc6 Qxc6 37. Qxf6 Qc5 38. e5 Qc1 39. Qd8 b4 40. axb4
axb4 41. Qd3 Qb2 42. f4 b3 43. Kf2 Qa2 44. Qd8 h6 45. Ke3 b2 46. Bd3 b1=Q 47.
Bxb1 gxf4+ 48. gxf4 Qxb1 49. Qf6 Qg1+ 50. Ke4 Qxh2 51. f5 Qe2+ 52. Kf4 Qf2+ 53.
Kg4 Qxf5+ 54. Qxf5 exf5+ 55. Kxf5 Kf7 56. Kg4 Kg6 57. Kh4 Ne6 58. Kg4 h5+ 59.
Kh4 Ng7 60. Kg3 Kf5 61. Kh4 Kxe5 62. Kg5 Ke4 63. Kh4 Kf4 64. Kh3 Nf5 65. Kg2
Kg4 66. Kh2 Ne3 67. Kg1 Kh3 68. Kh1 Nf5 69. Kg1 Ng3 70. Kf2 Kh2 71. Kf3 h4 72.
Kf2 h3 73. Kf3 Kg1 74. Kxg3 h2 0-1

[Event "Skopje MKD"]
[Site "Skopje MKD"]
[Date "2014.04.04"]
[Round "8.77"]
[White "Tscharotschkin, Michael"]
[Black "Emmanouilidis, Athanasios"]
[Result "1/2-1/2"]
[WhiteElo "2203"]
[BlackElo "1850"]
[PlyCount "64"]
[EventDate "2014.03.29"]
[EventType "swiss"]
[EventRounds "9"]

1. d4 d5 2. Nf3 Nf6 3. Bf4 g6 4. e3 Bg7 5. h3 O-O 6. Bd3 c5 7. c3 cxd4 8. exd4
Nc6 9. O-O Qb6 10. Qb3 Nd7 11. Re1 Re8 12. Nbd2 e6 13. Qc2 Qd8 14. Re2 a6 15.
a4 b6 16. Rae1 Bb7 17. b4 Rc8 18. Qb2 h6 19. h4 Qf6 20. Bg3 Qd8 21. Nb1 Nf6 22.
Nbd2 Nh5 23. Bh2 Qf6 24. g3 Bf8 25. b5 axb5 26. Bxb5 Red8 27. Ne5 Na5 28. Re3
Qe7 29. Rf3 Nf6 30. Bd3 Nc4 31. Qc1 Nxe5 32. Rxe5 Ng4 1/2-1/2

[Event "Skopje MKD"]
[Site "Skopje MKD"]
[Date "2014.04.04"]
[Round "8.78"]
[White "Injac, Teodora"]
[Black "Dancevski, Orce"]
[Result "0-1"]
[WhiteElo "1871"]
[BlackElo "2388"]
[PlyCount "90"]
[EventDate "2014.03.29"]
[EventType "swiss"]
[EventRounds "9"]

1. d4 Nf6 2. c4 g6 3. Nc3 Bg7 4. Nf3 d6 5. Bf4 Nh5 6. Bg5 h6 7. Be3 e5 8. g3
O-O 9. dxe5 dxe5 10. Qxd8 Rxd8 11. Nd5 Na6 12. Ne7+ Kh7 13. Nxc8 Raxc8 14. Bh3
Rb8 15. Rb1 Nb4 16. O-O e4 17. Nd2 f5 18. Rfd1 Nc2 19. Nf1 Nd4 20. Bxd4 Bxd4
21. Rd2 e3 22. Rd3 exf2+ 23. Kg2 f4 24. Rbd1 c5 25. e3 fxe3 26. Nxe3 Rf8 27. b3
Rbe8 28. Nf1 Re1 29. R3d2 Nf6 30. Rd3 Ne4 31. Kh1 Nc3 32. R1d2 Ne2 33. Kg2 Ng1
34. Bg4 h5 35. Bd1 Kh6 36. h4 a5 37. a4 Rf6 38. Ra2 g5 39. hxg5+ Kxg5 40. Rad2
b6 41. Ra2 h4 42. gxh4+ Kxh4 43. Rad2 Rg6+ 44. Rg3 Rxg3+ 45. Nxg3 Nh3 0-1

[Event "Skopje MKD"]
[Site "Skopje MKD"]
[Date "2014.04.04"]
[Round "8.79"]
[White "Nestorovic, Lazar"]
[Black "Ilic, Slobodan R"]
[Result "1/2-1/2"]
[WhiteElo "2381"]
[BlackElo "2012"]
[PlyCount "53"]
[EventDate "2014.03.29"]
[EventType "swiss"]
[EventRounds "9"]

1. e4 c5 2. Nf3 d6 3. d4 cxd4 4. Nxd4 Nf6 5. Nc3 a6 6. h3 e5 7. Nde2 b5 8. g4
h6 9. Bg2 Qc7 10. O-O Bb7 11. Be3 Nbd7 12. Ng3 Rc8 13. a3 Nc5 14. f4 exf4 15.
Rxf4 Be7 16. Nd5 Bxd5 17. exd5 O-O 18. Bd4 Ncd7 19. Rf2 Rfd8 20. Nf5 Bf8 21. h4
Ne5 22. Nxh6+ gxh6 23. Rxf6 Qxc2 24. Qf1 Rc4 25. Rd1 Bg7 26. Bxe5 dxe5 27. Rf2
1/2-1/2

[Event "Skopje MKD"]
[Site "Skopje MKD"]
[Date "2014.04.04"]
[Round "8.80"]
[White "Gjergji, Rozana"]
[Black "Piskur, Mitja"]
[Result "1-0"]
[WhiteElo "1940"]
[BlackElo "2285"]
[PlyCount "81"]
[EventDate "2014.03.29"]
[EventType "swiss"]
[EventRounds "9"]

1. e4 d5 2. exd5 Qxd5 3. Nc3 Qd8 4. d4 Nf6 5. Nf3 Bg4 6. h3 Bxf3 7. Qxf3 c6 8.
Bf4 e6 9. O-O-O Bd6 10. Be5 O-O 11. Ne4 Nxe4 12. Qxe4 Qe7 13. g4 Nd7 14. Bd3 f5
15. Bxd6 Qxd6 16. Qe3 f4 17. Qe2 Rae8 18. Rhe1 Kh8 19. g5 f3 20. Qe4 g6 21. Bc4
Rf4 22. Qe3 Rf5 23. Bxe6 h6 24. d5 Re5 25. Qc3 Kh7 26. Qxf3 Rf8 27. Qg3 Re8 28.
Re3 cxd5 29. Bxd7 R8e7 30. gxh6 Qf6 31. Bb5 d4 32. Rxe5 Rxe5 33. Bd3 Rg5 34.
Qc7+ Kxh6 35. f4 Rg2 36. Qe5 Qd8 37. Be4 Rg3 38. Rxd4 Rg1+ 39. Kd2 Qf8 40. Rd6
Qc8 41. h4 1-0

[Event "Skopje MKD"]
[Site "Skopje MKD"]
[Date "2014.04.04"]
[Round "8.81"]
[White "Glavinac, Goran"]
[Black "Dimov, Daniel"]
[Result "1-0"]
[WhiteElo "2164"]
[BlackElo "1997"]
[PlyCount "89"]
[EventDate "2014.03.29"]
[EventType "swiss"]
[EventRounds "9"]

1. d4 Nf6 2. Nf3 g6 3. c4 Bg7 4. Nc3 d6 5. e4 O-O 6. Be2 c5 7. d5 Nbd7 8. h3
Re8 9. O-O Nf8 10. Bf4 a6 11. Qd2 Qa5 12. Rfe1 Bd7 13. e5 Nh5 14. Bh2 dxe5 15.
Nxe5 Nf6 16. Bf3 Qb6 17. a4 Rad8 18. a5 Qa7 19. Ra3 Bc8 20. Nd3 Bf5 21. Bc7
Bxd3 22. Bxd8 Rxd8 23. Qxd3 Ne6 24. Bd1 Qb8 25. Qg3 Nd4 26. Qxb8 Rxb8 27. Rxe7
Bf8 28. Re1 Bh6 29. Ne4 Nd7 30. Ba4 b5 31. axb6 Nxb6 32. Nxc5 Bf8 33. Nxa6 Ra8
34. Bb5 Bxa3 35. bxa3 Nxd5 36. a4 Nb6 37. a5 Nd5 38. Re8+ Rxe8 39. Bxe8 Nf6 40.
Nc7 Nxe8 41. Nxe8 Kf8 42. Nc7 Nc6 43. a6 Na7 44. Nb5 Nc8 45. c5 1-0

[Event "Skopje MKD"]
[Site "Skopje MKD"]
[Date "2014.04.04"]
[Round "8.82"]
[White "Lazov, Toni"]
[Black "Kralevski, Aleksander"]
[Result "1-0"]
[WhiteElo "1965"]
[BlackElo "2162"]
[PlyCount "75"]
[EventDate "2014.03.29"]
[EventType "swiss"]
[EventRounds "9"]

1. e4 e5 2. Nf3 Nc6 3. Bc4 Nf6 4. d3 Be7 5. O-O d6 6. c3 O-O 7. Re1 Na5 8. Nbd2
c5 9. Bb3 Nxb3 10. Qxb3 Qc7 11. Nf1 Be6 12. c4 Nh5 13. Ne3 Qd7 14. Nd2 Bg5 15.
Ndf1 Nf4 16. Nd5 h5 17. Nxf4 exf4 18. g3 Bg4 19. gxf4 Bf3 20. f5 Bxc1 21. Raxc1
Qe7 22. d4 Qg5+ 23. Ng3 Bg4 24. Qe3 Qh4 25. dxc5 dxc5 26. f3 Bh3 27. Ne2 Qf6
28. Nf4 Qh4 29. Nd5 Kh8 30. Qf4 g5 31. Qxh4 gxh4 32. Nf4 Bg4 33. fxg4 hxg4 34.
Rcd1 Rad8 35. Rxd8 Rxd8 36. Nd5 Kg7 37. e5 Kh6 38. e6 1-0

[Event "Skopje MKD"]
[Site "Skopje MKD"]
[Date "2014.04.04"]
[Round "8.83"]
[White "Krstev, Emil"]
[Black "Nikolovski, Nikola"]
[Result "0-1"]
[WhiteElo "2156"]
[BlackElo "1996"]
[PlyCount "80"]
[EventDate "2014.03.29"]
[EventType "swiss"]
[EventRounds "9"]

1. c4 e5 2. Nc3 g6 3. g3 Bg7 4. Bg2 f5 5. e3 Nf6 6. Nge2 O-O 7. d4 d6 8. b3 Nc6
9. d5 Nb8 10. Ba3 Nbd7 11. Qc2 e4 12. Nf4 Ne5 13. h4 h6 14. O-O-O a6 15. Nce2
g5 16. hxg5 hxg5 17. Nh5 Nd3+ 18. Rxd3 exd3 19. Qxd3 Nxh5 20. Rxh5 Qf6 21. Nd4
Bd7 22. Ne6 Qa1+ 23. Qb1 Qc3+ 24. Kd1 Bxe6 25. dxe6 c6 26. Rxg5 Qf6 27. f4 Qxe6
28. Bb2 Rf7 29. Qa1 Qxe3 30. Bxg7 Qg1+ 31. Kd2 Qxg2+ 32. Kd3 Qf3+ 33. Kd2 Re8
34. Be5+ Kh7 35. Qg1 Re6 36. Qd4 Rh6 37. Kc1 Qe2 38. Qd2 Qxd2+ 39. Kxd2 dxe5
40. fxe5 Re6 0-1

[Event "Skopje MKD"]
[Site "Skopje MKD"]
[Date "2014.04.04"]
[Round "8.84"]
[White "Serefidou, Despina"]
[Black "Petkovski, Vlatko"]
[Result "1/2-1/2"]
[WhiteElo "1916"]
[BlackElo "2147"]
[PlyCount "88"]
[EventDate "2014.03.29"]
[EventType "swiss"]
[EventRounds "9"]

1. e4 c5 2. Nf3 Nc6 3. d4 cxd4 4. Nxd4 Nf6 5. Nc3 e5 6. Ndb5 d6 7. Bg5 a6 8.
Na3 b5 9. Nd5 Be7 10. Bxf6 Bxf6 11. c4 b4 12. Nc2 a5 13. g3 Bg5 14. h4 Bh6 15.
Bg2 O-O 16. Kf1 Rb8 17. b3 f5 18. exf5 Bxf5 19. Nde3 Bxc2 20. Nxc2 Qf6 21. Bd5+
Kh8 22. Rh2 Ne7 23. Kg1 Rbc8 24. Ne3 Qg6 25. h5 Qg5 26. Qe2 Rf4 27. Rd1 Rcf8
28. Kh1 Rd4 29. Bb7 Ng8 30. Kg2 Nf6 31. Bf3 Nd7 32. Bd5 Nc5 33. Rd2 a4 34. bxa4
Nxa4 35. Rxd4 exd4 36. Nc2 Nc3 37. Qd3 Nxd5 38. cxd5 Qxd5+ 39. Kf1 Re8 40. Rh4
Qxa2 41. Nxb4 Qa8 42. Nc2 Rb8 43. Nxd4 Qa1+ 44. Kg2 Qe1 1/2-1/2

[Event "Skopje MKD"]
[Site "Skopje MKD"]
[Date "2014.04.04"]
[Round "8.85"]
[White "Angjelovski, Daniel"]
[Black "Gjorshev, Ljupcho"]
[Result "1/2-1/2"]
[WhiteElo "1913"]
[BlackElo "2125"]
[PlyCount "126"]
[EventDate "2014.03.29"]
[EventType "swiss"]
[EventRounds "9"]

1. d4 d5 2. c4 e6 3. Nf3 c6 4. Nc3 f5 5. g3 Bd6 6. e3 Nf6 7. Qc2 O-O 8. b3 Nbd7
9. Bb2 Qe7 10. Bg2 Ne4 11. c5 Bc7 12. O-O Qf6 13. b4 e5 14. a4 Nxc3 15. dxe5
Nxe5 16. Bxc3 Nxf3+ 17. Bxf3 Be5 18. Bxe5 Qxe5 19. Rfd1 g5 20. Bg2 f4 21. exf4
gxf4 22. Qd2 Bd7 23. Re1 Qf6 24. Qxf4 Qxf4 25. gxf4 Rxf4 26. Re7 Rf7 27. Rae1
Kf8 28. Rxf7+ Kxf7 29. b5 a5 30. Re3 Rg8 31. Kf1 Rg5 32. b6 Rh5 33. h3 Rf5 34.
Ke2 Kf6 35. Rf3 Rxf3 36. Kxf3 Ke5 37. Ke3 d4+ 38. Kd2 Be8 39. h4 Bd7 40. Bh1 h6
41. Bg2 Be8 42. Bh1 Kf6 43. Kd3 Ke5 44. Kd2 Ke6 45. Kd3 Kd7 46. Kxd4 Bh5 47. f3
Bf7 48. Kc3 Bd5 49. Bg2 Kd8 50. Bh1 Ke7 51. Bg2 Kf6 52. Bh3 Be6 53. Bxe6 Kxe6
54. Kd4 Kf5 55. Ke3 Ke5 56. f4+ Kd5 57. h5 Kxc5 58. Ke4 Kd6 59. f5 c5 60. f6
Ke6 61. f7 Kxf7 62. Kd5 Kf6 63. Kxc5 Ke5 1/2-1/2

[Event "Skopje MKD"]
[Site "Skopje MKD"]
[Date "2014.04.04"]
[Round "8.86"]
[White "Stosevski, Ilja"]
[Black "Becker, Carsten"]
[Result "0-1"]
[WhiteElo "2108"]
[BlackElo "1986"]
[PlyCount "108"]
[EventDate "2014.03.29"]
[EventType "swiss"]
[EventRounds "9"]

1. Nf3 Nf6 2. g3 d6 3. d4 Nc6 4. d5 Ne5 5. Nxe5 dxe5 6. Bg2 e6 7. dxe6 Qxd1+ 8.
Kxd1 fxe6 9. c4 Ng4 10. Ke1 Bc5 11. f3 Bf2+ 12. Kf1 Be3 13. Na3 O-O 14. Bxe3
Nxe3+ 15. Kf2 Ng4+ 16. Ke1 Ne3 17. Bh3 Bd7 18. Kf2 Nf5 19. e3 Bc6 20. Rhd1 g5
21. Nb5 Rf7 22. e4 Ng7 23. Ke3 a6 24. Nc3 Raf8 25. Rf1 Rf6 26. Bg2 Rh6 27. h3
Nh5 28. Kf2 Rg6 29. b4 g4 30. b5 gxf3 31. Bxf3 Rxg3 32. Ke2 axb5 33. cxb5 Be8
34. h4 Rh3 35. Rg1+ Ng7 36. Raf1 Bh5 37. Rg5 Rfxf3 38. Rxf3 Rxf3 39. Kd2 Rh3
40. Rxe5 Rxh4 41. Rc5 Ne8 42. a4 b6 43. Rc6 Kf7 44. Ke3 Bg6 45. Kd4 Ke7 46. a5
bxa5 47. Ra6 Nd6 48. Rxa5 Bxe4 49. Ra7 Bc6+ 50. Ke3 Bxb5 51. Rxc7+ Bd7 52. Ne2
e5 53. Nc3 Rc4 54. Rxc4 Nxc4+ 0-1

[Event "Skopje MKD"]
[Site "Skopje MKD"]
[Date "2014.04.04"]
[Round "8.87"]
[White "Nikolovska, Dragana"]
[Black "Kollari, Suleyman"]
[Result "1/2-1/2"]
[WhiteElo "1880"]
[BlackElo "2104"]
[PlyCount "68"]
[EventDate "2014.03.29"]
[EventType "swiss"]
[EventRounds "9"]

1. e4 c5 2. Nf3 d6 3. d4 cxd4 4. Nxd4 Nf6 5. Nc3 e5 6. Ndb5 a6 7. Na3 b5 8. Nd5
Bb7 9. Bg5 Bxd5 10. exd5 Qa5+ 11. c3 b4 12. Nc4 Qxd5 13. Bxf6 Qxd1+ 14. Rxd1
gxf6 15. Nxd6+ Bxd6 16. Rxd6 bxc3 17. bxc3 Ke7 18. Rb6 Nd7 19. Rxa6 Rxa6 20.
Bxa6 Ra8 21. Bc4 Rc8 22. Bb3 Rxc3 23. Kd2 Rc7 24. a4 Nc5 25. Bc2 Ke6 26. Rb1
Ra7 27. Rb6+ Ke7 28. Rb4 h6 29. Kc3 Rc7 30. Kb2 Rd7 31. Kc3 Rc7 32. Rc4 Kd6 33.
g3 Kd5 34. Rh4 Nxa4+ 1/2-1/2

[Event "Skopje MKD"]
[Site "Skopje MKD"]
[Date "2014.04.04"]
[Round "8.88"]
[White "Citoler Serrat, Adriano"]
[Black "Balokas, Dimitrios"]
[Result "0-1"]
[WhiteElo "1871"]
[BlackElo "2085"]
[PlyCount "62"]
[EventDate "2014.03.29"]
[EventType "swiss"]
[EventRounds "9"]

1. e4 c5 2. Nf3 d6 3. d4 cxd4 4. Nxd4 Nf6 5. Nc3 a6 6. Be2 e5 7. Nb3 Be7 8. O-O
O-O 9. f4 Nbd7 10. Be3 Qc7 11. a4 b6 12. Bf3 Bb7 13. Nd5 Nxd5 14. exd5 Rac8 15.
c3 Nf6 16. a5 b5 17. Bb6 Qc4 18. fxe5 dxe5 19. d6 Bxf3 20. Rxf3 Bd8 21. Bf2 Rc6
22. Bg3 Qe6 23. Rd3 Ne4 24. Qf3 Nxg3 25. Qxc6 Ne2+ 26. Kf2 Qxb3 27. Rd2 Nf4 28.
g3 Nd3+ 29. Kg1 Qc4 30. Qxa6 Bg5 31. Re2 Nc5 0-1

[Event "Skopje MKD"]
[Site "Skopje MKD"]
[Date "2014.04.04"]
[Round "8.89"]
[White "Logallo, Claudio"]
[Black "Jakovljevic, Dejan"]
[Result "0-1"]
[WhiteElo "2074"]
[BlackElo "1948"]
[PlyCount "102"]
[EventDate "2014.03.29"]
[EventType "swiss"]
[EventRounds "9"]

1. e4 d5 2. exd5 Qxd5 3. Nc3 Qa5 4. d4 c6 5. Bc4 Bf5 6. Bd2 e6 7. g4 Bg6 8. h4
h5 9. Nh3 hxg4 10. Nf4 Bf5 11. Qe2 Bb4 12. d5 cxd5 13. Nfxd5 Nc6 14. Nxb4 Qxb4
15. Nd5 Qd6 16. Bf4 e5 17. O-O-O Kf8 18. Nc3 Qc7 19. Bg5 f6 20. Nd5 Nd4 21.
Rxd4 Qc5 22. Rd2 fxg5 23. Qxe5 Bd7 24. Bb3 Nf6 25. Qxg5 Rh5 26. Nxf6 Qxg5 27.
Nxd7+ Ke8 28. Re1+ Qe7 29. Rxe7+ Kxe7 30. Ba4 b5 31. Bb3 Rd8 32. Rd4 Rxd7 33.
Rxg4 Kf6 34. c3 Re5 35. a4 bxa4 36. Bxa4 Re1+ 37. Kc2 Re2+ 38. Kc1 Rdd2 39.
Rf4+ Kg6 40. Rg4+ Kf6 41. h5 Rxb2 42. Rg6+ Kf7 43. Ra6 Rb7 44. Bc6 Rc7 45. Bd5+
Kf8 46. h6 gxh6 47. Rxh6 Rxc3+ 48. Kd1 Rxf2 49. Rh8+ Ke7 50. Rh7+ Kd6 51. Rxa7
Kxd5 0-1